Ч. 1; История экономической мысли

Dades bibliogràfiques
Parent link:История экономической мысли/ под ред. Ф. Я. Полянского, И. Д. Удальцова. Ч. 1.— , 1961
Idioma:rus
Publicat: 1961
Matèries:
Format: Llibre
KOHA link:https://koha.lib.tpu.ru/cgi-bin/koha/opac-detail.pl?biblionumber=17508

MARC

LEADER 00000nam0a2200000 4500
001 17508
005 20231030190927.0
035 |a (RuTPU)RU\TPU\book\17652 
035 |a BOOK00002340 
090 |a 17508 
100 |a 20011209d1961 m y0rusy50 ca 
101 0 |a rus 
102 |a SU 
105 |a y j 000zy 
200 0 |a Ч. 1 
210 |d 1961 
215 |a 512 с. 
461 |t История экономической мысли  |v Ч. 1  |f под ред. Ф. Я. Полянского, И. Д. Удальцова  |d 1961 
610 1 |a экономика 
610 1 |a экономические учения 
610 1 |a экономическая мысль 
610 1 |a история 
610 1 |a рабовладельческий строй 
610 1 |a феодализм 
610 1 |a капитализм 
610 1 |a учебные пособия 
686 |a У02(0)  |v LBC/SL-A  |2 rubbk 
801 0 |a RU  |b 63413507  |c 20011209  |g PSBO 
801 2 |a RU  |b 63413507  |c 20080331  |g PSBO 
942 |c BK